Y học phổ thông dành cho mọi người : Chuyên đề những cây thuốc quý 2

Chuyên đề bao gồm các nội dung: dâm dương hoắc; lá dứa trị tiểu đường; sầu riêng dương khởi hạch;...

में बचाया:
ग्रंथसूची विवरण
मुख्य लेखक: Phạm Khắc Trí (Chủ biên)
अन्य लेखक: Hoàng Duy Tân (Chủ biên)
स्वरूप: पुस्तक
भाषा:Vietnamese
प्रकाशित: Tp. Hồ Chí Minh Thanh niên 2010
विषय:
टैग : टैग जोड़ें
कोई टैग नहीं, इस रिकॉर्ड को टैग करने वाले पहले व्यक्ति बनें!
Thư viện lưu trữ: Thư viện Trường Đại học Nam Cần Thơ
LEADER 01092nam a2200253 4500
001 NCT_124214
008 170928b xxu||||| |||| 00| 0 vie d
999 |c 6363  |d 6363 
020 |c 18000 
041 |a vie 
082 0 4 |2 23rd ed.  |a 610  |b Tr300 
100 1 |a Phạm Khắc Trí   |e Chủ biên 
245 1 0 |a Y học phổ thông dành cho mọi người :  |b Chuyên đề những cây thuốc quý 2   |p    |c Phạm Khắc Trí, Hoàng Duy Tân(Chủ biên) 
260 |a Tp. Hồ Chí Minh  |b Thanh niên  |c 2010 
300 |c 26cm 
310 |a Hàng tháng 
362 |a 2010 
520 3 |a Chuyên đề bao gồm các nội dung: dâm dương hoắc; lá dứa trị tiểu đường; sầu riêng dương khởi hạch;... 
653 |a Y đa khoa 
655 |a Tạp chí 
700 1 |a Hoàng Duy Tân  |e Chủ biên 
942 |2 ddc  |c CR 
952 |0 0  |1 0  |2 ddc  |4 0  |6 610_000000000000000_TR300  |7 0  |9 23966  |a 000001  |b 000001  |d 2022-05-14  |o 610 Tr300  |r 2022-05-14  |w 2022-05-14  |y CR 
980 |a Thư viện Trường Đại học Nam Cần Thơ